01430nam a2200253 a 450000100100000000500170001000800410002702000180006804000250008608200150011110000440012624503250017026000520049530000210054750000730056850000570064150400320069870000450073070000540077571000980082995201130092795201190104099900170115900004373920201002044938.0140409s2014 dr 000 0 spa d a9789945080278 aDO-SdBNPbspacBNPHU axxxxbxxxx1 aConcepción Acosta, Franklin E.97156313aEl Precedente Constitucional en la República Dominicana :bcompilación de las sentencias del tribunal constitucional dominicano y precedentes comentados /cFranklin E. Concepción Acosta ; prólogo Francisco Antonio Ortega Polanco ; presentación Julio José Rojas Báez ; edición Jennifer Sepúlveda Molina. aSanto Domingo :bCENDUD,bSoto Castillo,c2014. a461 p. ;c23 cm. aIncluye referencias bibliográficas y notas al pie de las páginas aIncluye datos biográficos del autor en las solapas aBibliografía : p. 455-46112aSepúlveda Molina, Jennifereed.97156412aOrtega Polanco, Francisco Antonioepról.97156522aCentro de Documentación e Información Judicial Dominicano (República Dominicana)971566 0010718PDaPDbPDcHDd2014-04-09iLF1l0oxxxx xxxxp43739-10r2020-06-25w2020-06-25yLFPDZNo se presta 0010718PDaPDbPDcHDd2014-04-09iLF1l0oxxxx xxxxp43739-20r2020-06-25te. 2w2020-06-25yLFPDZNo se presta c43228d43228